000
00194 a2200097 4500
020
_a
9789996432460
041
_a
spa
100
_a
Espinoza, Lesbia
245
_a
La chicharra cantora
942
_c
BK
999
_c
29776
_d
29774